Vinland Saga characters - Statistics

General Stats
  • This quiz has been taken 902 times
  • The average score is 8 of 12
Answer Stats
Hint Answer % Correct
A teenage warrior,he hates his commander for slaying his father Thorfinn
99%
A Jomsviking general whose phenomenal combat prowess earns him the epithet "The Troll of Jom". Thors
93%
A Jomsviking general, brother of the Jomsviking Chief, A giant man who loves combat, he defects from the Danish army to become a mercenary for the English, believing that fighting his fellow Vikings will give him a better challenge Thorkell
81%
The commander of a small but powerful Viking band, half-Danish and half-Welsh Askeladd
77%
A 17-year-old prince of the Danes,initially portrayed as timid and womanly,take the crown of the Danes Canute
69%
A berserker, able to enter powerful rages through the consumption of certain mushrooms. Bjorn
59%
A cheerful old man from Greenland,claims to have travelled to a distant western land called Vinland Leif
55%
Wife of "The Troll of Jom" Helga
52%
King of Danish army who chose his elder son as his next succesor over his younger son Sweyn
48%
One of the principal Viking commanders under Sweyn during the invasion of England Floki
46%
Daughter of "The Troll of Jom" Ylva
42%
Prince's foster father and guardian Ragnar
40%
No matching quizzes found
Score Distribution
Percent of People with Each Score
Percentile by Number Answered
Your Score History
You have not taken this quiz